Регионална библиотека "Любен Каравелов" - Русе

Войвода (Запис номер 471739)

MARC детайли
000 -Лидер
Контролно поле с фиксирана дължина 01145nam a2200313 c 4500
003 - Код на организацията, давaща контролен номер
Контролно поле BLK
005 - Дата и час на последна редакция
Контролно поле 20240626154426.0
008 - Елементи от данни с фиксирана дължина
fixed length control field 180410b bul|||||r ||||||| ||bul||
020 ## - Международен стандартен номер на книга ISBN
Международен стандартен номер на книга ISBN 9786197496772
040 ## - Източник на каталожния запис
Идентификатор на билиотеката - собственик на записа BLK
041 ## - Код за език
Код за езика на текст/звукозапис или на отделно заглавие Български
Код за езика КДБФ Български
080 ## - УДК
Текстов определител УДК Българска литература
УДК код - определител по УДК 821.163.2
УДК определител -32
УДК - код + определител 821.163.2-32
100 ## - Редна дума - Автор
Автор Каравелов, Любен Стойчев
Дати, свързани с автора 1834-1879
Автор - информация (биография) Писател, публицист, фолклорист, революционер
R(LIN) 431119
139 ## - Редно поле
Редна дума Каравелов, Любен Стойчев
Авторски знак Карав - К 29
245 10 - Сведения за заглавието
Заглавие Войвода
Редно поле (дума) Любен Стойчев Каравелов
250 ## - Област на изданието
Сведения за изданието 13. изд.
257 ## - Страна на издаване
Страна на създаване/издаване България
260 ## - Област на издателските данни
Име на издателя, разпространителя и проч. Бълг. история
Година на издаване 2021
9 (RLIN) 221686
Място на издаване, разпространение и проч. София
Издателство - префикс ISBN 978-619-90711-
Печатница "Алианс принт" ЕООД
300 ## - Физическа характеристика
Страници 64 с.
Размери/Мащаб 15 см
380 ## - Жанр
Жанр Худож. лит.
500 ## - Общи забележки
Забележка 1. изд. 1871 на печ. А. Андрич.
852 ## - Местоположение
Форматна сигнатура Цб І 41150
852 ## - Местоположение
Фондова буква Заемна - подръчен фонд
Систематично-азбучна сигнатура 821.163.2-32/К 29 Л
856 4# - Електронен адрес и достъп
Електронен формат pdf - файл
Инструкция (цена за достъп) 0.00
Права за достъп disable
856 4# - Електронен адрес и достъп
Електронен формат pdf - файл
Инструкция (цена за достъп) 0.00
Права за достъп disable
942 ## - АРТИКУЛИ
Вид на библиотечния материал Книги
Скрит в OPAC Не
Периодичен библиозапис Да
944 ## - СЪЗДАВАНЕ И РЕДАКЦИЯ на ЗАПИСА
Създаване/Редакция Създаване
Дата на регистрацията/редакция 2022-08-25
Статус, дата на статуса Моника Янева
Служител, извършил регистрацията/редакцията 30570
944 ## - СЪЗДАВАНЕ И РЕДАКЦИЯ на ЗАПИСА
Създаване/Редакция Редакция
Служител, извършил регистрацията/редакцията М.Я.
999 ## - СИСТЕМНИ КОНТРОЛНИ НОМЕРА
Koha biblionumber 471739
Koha biblioitemnumber 471739
Наличности
Код за отписване Код за изгубен артикул Източник на класификационната схема Код за повреда Коз за рестрикции Код за отдаване Артикулен № Име на библиотеката - собственик Име на библиотеката, в която се намира в момента Статус (Текущо местоположение) Дата на вписване в системата Местоположение - отдел Цена в лева Систематично азбучна сигнатура Баркод Цена в евро Служебен тип на артикула Инвентарен номер
  Не е изгубен Universal Decimal Classification Не е повреден само за читалня ползва се в читалня 902055 Регионална библиотека "Любен Каравелов" Русе Регионална библиотека "Любен Каравелов" Русе Хранилище 2022-08-26 Хранилище 2.80 Цб І 41150 120000875146 1.43 Книги  
  Не е изгубен Universal Decimal Classification Не е повреден   заемане за дома 945739 Регионална библиотека "Любен Каравелов" Русе Регионална библиотека "Любен Каравелов" Русе Заемна - подръчен фонд 2024-07-09 Заемна - подръчен фонд 3.00 821.163.2-32/К 29 Л 120000910881 1.53 Книги 120000910881
Vip Innovations Ltd, Rousse, Bulgaria 2025